Inequalities in Health Status Depending on Socio-Economic Situation in the European Countries

Hodnotenie a kvantifikácia nerovnosti v zdravotnom stave obyvateľov. Sociálno-ekonomická situácia v európskych krajinách na základe vybraných sociálnych a zdravotných ukazovateľov.

Salvato in:
Dettagli Bibliografici
Autore principale: Pacáková, Viera
Altri autori: Kopecká, Lucie
Natura: Capitolo di libro
Lingua:inglese
Soggetti:
Tags: Aggiungi Tag
Nessun Tag, puoi essere il primo ad aggiungerne!!

MARC

LEADER 00000naa a2200000 4500
001 0246634
005 20220719115508.0
041 0 |a eng 
044 |a CZ 
245 1 0 |a Inequalities in Health Status Depending on Socio-Economic Situation in the European Countries  |c Viera Pacáková, Lucie Kopecká 
520 |a Hodnotenie a kvantifikácia nerovnosti v zdravotnom stave obyvateľov. Sociálno-ekonomická situácia v európskych krajinách na základe vybraných sociálnych a zdravotných ukazovateľov. 
610 2 0 |a zdravie 
610 2 0 |a zdravotníctvo verejné 
610 2 0 |a Európa 
610 2 0 |a Európska únia 
610 2 0 |a ekonomika sociálna 
610 2 0 |a nerovnosť 
610 2 0 |a nerovnosť sociálna 
610 2 0 |a metódy štatistické viacrozmerné 
100 1 |a Pacáková, Viera 
700 1 |a Kopecká, Lucie